Inspections and reports on dwellings (Record no. 104031)

MARC details
000 -LEADER
fixed length control field 01296cam a22002775a 4500
001 - CONTROL NUMBER
control field ##L128874
008 - FIXED-LENGTH DATA ELEMENTS--GENERAL INFORMATION
fixed length control field 050223s2005 xxk f 001 0 eng d
020 ## - INTERNATIONAL STANDARD BOOK NUMBER
International Standard Book Number 0728204487
035 ## - SYSTEM CONTROL NUMBER
System control number (Sirsi) u128874
041 0# - LANGUAGE CODE
Language code of text/sound track or separate title eng
050 04 - LIBRARY OF CONGRESS CALL NUMBER
Classification number 690.2 $2 18
100 1# - MAIN ENTRY--PERSONAL NAME
Personal name Melville, Ian A.
245 00 - TITLE STATEMENT
Title Inspections and reports on dwellings
Remainder of title inspecting
260 ## - PUBLICATION, DISTRIBUTION, ETC.
Place of publication, distribution, etc. London
Name of publisher, distributor, etc. Estates Gazette
Date of publication, distribution, etc. 2005
300 ## - PHYSICAL DESCRIPTION
Extent 456p
Other physical details ill, tables
Dimensions 25cm
350 ## - PRICE (NR) (BK AM CF MU VM SE) [OBSOLETE]
Price 45
490 #0 - SERIES STATEMENT
Series statement Inspections and reports on dwellings
505 2# - FORMATTED CONTENTS NOTE
Formatted contents note Inspectors -- Inspections -- Roofs -- External walls -- Interiors -- Services -- Surroundings
520 ## - SUMMARY, ETC.
Summary, etc. The second of four books in a series covering all the procedures for preparing reports on dwellings for buyers, lenders or sellers. This volume provides detailed information on ascertaining and assessing construction, materials, exposure, durability, defects and dangers, together with advice on preparation, dealing with clients, and how to follow guidance laid down by the courts. All types and ages of dwelling are covered from the very old to the nearly new.
520 ## - SUMMARY, ETC.
Summary, etc. Superseded by 2 ed 9780080971315
651 #4 - SUBJECT ADDED ENTRY--GEOGRAPHIC NAME
Geographic name England and Wales
Chronological subdivision 1543-
690 ## - LOCAL SUBJECT ADDED ENTRY--TOPICAL TERM (OCLC, RLIN)
Topical term or geographic name as entry element BUILT ENVIRONMENT-BUILDING INSPECTION
700 1# - ADDED ENTRY--PERSONAL NAME
Personal name Gordon, Ian A.
942 ## - ADDED ENTRY ELEMENTS (KOHA)
Suppress in OPAC 0
Holdings
Withdrawn status Lost status Source of classification or shelving scheme Damaged status Not for loan Home library Current library Shelving location Date acquired Cost, normal purchase price Total Checkouts Full call number Barcode Date last seen Date last checked out Copy number Cost, replacement price Price effective from Koha item type
    Dewey Decimal Classification     London London Basement 02/03/2006 34.00 34 BASEMENT 61 30074843 06/08/2019 08/06/2010 1 34.00 06/08/2019 Book